000 00428nam a2200169Ia 4500
008 170705s9999 xx 000 0 und d
020 _a9780590819282
245 4 _aThe crayon box that talked /
245 _cShane DeRolf ; illustrated by Michael Letzig.
260 _aNew York :
260 _bScholastic,
260 _c1996
300 _aunpaged :
300 _bcolor illustration ;
300 _c26cm.
500 _a590
999 _c336027
_d336027